000 00754nam a2200217Ii 4500
003 JO-AjNU
008 230605s9999||||xx |||||||||||||| ||und||
017 _a1987/8340
020 _a977-1341=28-6
040 _aJO-AjNU
_bara
_erda
_cJO-AjNU
041 _aara
050 1 4 _aNK3633 .M3378 1987
100 3 _aمحمود، نهدي السيد,
_eauthor
_934255
245 0 0 _aكيف تتعلم الخط العربي: نسخ - رقعة - ثلث - فارسي
264 3 1 _aالسعودية: مكتبة الساعي للنشر والتوزيع، 1987
300 _a111ص
336 _atext
_btxt
_2rdacontent
337 _aunmediated
_bn
_2rdamedia
338 _avolume
_bnc
_2rdacarrier
650 4 _aالخط العربي - تعلم وتعليم
_934256
999 _aA14024
_c17592
_d17592